Challenges in central banking (Registro nro. 3298)

Detalles MARC
000 -LEADER
fixed length control field 02075 a2200253 4500
001 - CONTROL NUMBER
control field 40732
005 - DATE AND TIME OF LATEST TRANSACTION
control field 20260407155702.0
008 - FIXED-LENGTH DATA ELEMENTS--GENERAL INFORMATION
fixed length control field 260407a2010 arg spa d
003 - CONTROL NUMBER IDENTIFIER
control field AR-UNSa-BCEJYS
040 ## - CATALOGING SOURCE
Original cataloging agency AR-UNSa-BCEJYS
Language of cataloging spa
Transcribing agency AR-UNSa-BCEJYS
080 ## - UNIVERSAL DECIMAL CLASSIFICATION NUMBER
Universal Decimal Classification number 336.71
Common auxiliary subdivision Bancos. Sistema bancario
020 ## - INTERNATIONAL STANDARD BOOK NUMBER
International Standard Book Number 978-0-521-19929-2
041 ## - LANGUAGE CODE
Language code of text/sound track or separate title spa
100 1# - MAIN ENTRY--PERSONAL NAME
Personal name Siklos, Pierre L.
245 10 - TITLE STATEMENT
Title Challenges in central banking
Name of part/section of a work the current institutional environment and forces affecting monetary policy
264 #1 - PRODUCTION, PUBLICATION, DISTRIBUTION, MANUFACTURE, AND COPYRIGHT NOTICE
Place of production, publication, distribution, manufacture New York :
Name of producer, publisher, distributor, manufacturer Cambridge University Press
Date of production, publication, distribution, manufacture, or copyright notice 2010
300 ## - PHYSICAL DESCRIPTION
Extent xviii, 398 p.
Dimensions 23 cm.
505 ## - FORMATTED CONTENTS NOTE
Formatted contents note 1. The state of play in central banking and the challenges to come / Pierre L. Siklos, Martin T. Bohl and Mark E. Wohar - 2. Is the time ripe for price level path stability? / Vitor Gaspar, Frank Smets and David Vestin - 3. The principal-agent approach to monetary policy delegation / Georgios E. Chortareas and Stephen M. Miller - 4. Implementing monetary policy in the 2000s : operating procedures in Asia and beyond / Corrinne Ho - 5. Analysis of financial stability / Charles A.E. Goodhart and Dimitri P. Tsomocos - 6. National central banks in a multi-national system / David G. Mayes and Geoffrey E. Wood - 7. The complex relationship between central bank independence and inflation / Bernd Hayo and Carsten Hefeker - 8. Independence and accountability in supervision : comparing central banks and financial authorities / Donato Masciandaro, Marc Quintyn and Michael W. Taylor - 9. The economic impact of central bank transparency : a survey / Carin van der Cruijsen and Sylvester C.W. Eijffinger - 10. How central banks take decisions : an analysis of monetary policy meetings / Philip Maier - 11. Institutional rules and the conduct of monetary policy : does a central bank need governing principles? / Pierre L. Siklos.
590 ## - LOCAL NOTE (RLIN)
Local note niveau_biblio:m niveau_hierar:0
700 1# - ADDED ENTRY--PERSONAL NAME
Personal name Bohl, Martin T.
700 1# - ADDED ENTRY--PERSONAL NAME
Personal name Wohar, Mark E.
856 41 - ELECTRONIC LOCATION AND ACCESS
Uniform Resource Identifier <a href="https://biblioeco.unsa.edu.ar/pmb/images/libros/L126242_1.jpg">https://biblioeco.unsa.edu.ar/pmb/images/libros/L126242_1.jpg</a>
Link text Imagen de portada
Electronic format type image/jpeg
942 ## - ADDED ENTRY ELEMENTS (KOHA)
Koha item type
Existencias
Withdrawn status Lost status Damaged status Not for loan Home library Current library Shelving location Date acquired Total checkouts Full call number Barcode Date last seen Price effective from Koha item type
        Biblioteca Prof. Eusebio Cleto del Rey Biblioteca Prof. Eusebio Cleto del Rey   07/04/2026   336.71 S579c L126242 07/04/2026 07/04/2026 Libro